Religion of Islam : a comprehensive study

Bibliographic Details
Main Authors: Moulavi, C N Ahmad (Author), Ashraf, Yaseen (Author), Muhammed, U. (Author), Muhammed, V. (Author)
Format: Book
Published: Calicut : Azad Book Stall , 1979
Subjects:

MARC

LEADER 00000cam a2200000 7i4500
001 0000006715
005 20031223093000.0
090 0 0 |a BP163   |b .M68 
100 0 |a Moulavi, C N Ahmad ,   |e author 
245 0 0 |a Religion of Islam :   |b a comprehensive study   |c [by] C.N. Ahmed Moulavi   |f translation by Prof. V. Muhammed, Prof. U. Muhammad, Prof. Yaseen Ashraf 
260 2 |a Calicut :   |b Azad Book Stall ,   |c 1979 
300 |a 346 p. ;   |c 21 cm. 
650 0 |a Islam 
700 0 |a Ashraf, Yaseen ,   |e author 
700 0 |a Muhammed, U. ,   |e author 
700 0 |a Muhammed, V. ,   |e author 
999 |a 1000058852   |b Book   |c OPEN SHELF (30 DAYS)   |e Gong Badak Campus 
999 |a 1000069953   |b Book   |c OPEN SHELF (30 DAYS)   |e Gong Badak Campus